[Event "SR 5. liga SE-SI 2014/2015"]
[Site "?"]
[Date "2014.12.13"]
[Round "5.2"]
[White "Svrcek, Daniel"]
[Black "Oslej, Marek"]
[Result "1-0"]
[WhiteElo "1000"]
[BlackElo "1000"]
[PlyCount "29"]
[EventDate "2014.??.??"]

1. e4 e5 2. Nf3 Nc6 3. Bc4 Bc5 4. Nc3 Nf6 5. d3 d6 6. Bg5 O-O 7. Nd5 Bg4 8. c3
Ne7 9. Bxf6 gxf6 10. Nxf6+ Kh8 11. Nxg4 Qd7 12. Ng5 Rg8 13. Nxf7+ Kg7 14. Qf3
Rgf8 15. Qf6+ 1-0

[Event "SR 5. liga SE-SI 2014/2015"]
[Site "?"]
[Date "2014.12.13"]
[Round "5.3"]
[White "Huska, Branislav"]
[Black "Sobek, Michal"]
[Result "1-0"]
[WhiteElo "1689"]
[BlackElo "1684"]
[PlyCount "65"]
[EventDate "2014.??.??"]

1. e4 e5 2. Nf3 Nc6 3. Bb5 a6 4. Bxc6 dxc6 5. d3 Bd6 6. h3 h6 7. Nc3 Be6 8. Be3
Qd7 9. Qe2 Nf6 10. a3 c5 11. Nd2 b5 12. f3 a5 13. Qf2 a4 14. Bxc5 O-O 15. Be3
b4 16. axb4 Bxb4 17. Ne2 a3 18. bxa3 Bxa3 19. O-O Qc6 20. c3 Bb2 21. Rxa8 Rxa8
22. d4 Bxc3 23. d5 Qb5 24. Nxc3 Qb4 25. dxe6 Qxc3 26. exf7+ Kxf7 27. f4 Ra2 28.
fxe5 Qxe5 29. Nc4 Rxf2 30. Nxe5+ Ke6 31. Bxf2 Kxe5 32. Bg3+ Kxe4 33. Bxc7 1-0

[Event "SR 5. liga SE-SI 2014/2015"]
[Site "?"]
[Date "2014.12.13"]
[Round "5.3"]
[White "Filipek, Norbert"]
[Black "Klimes, Juraj"]
[Result "1/2-1/2"]
[WhiteElo "1414"]
[BlackElo "1565"]
[PlyCount "35"]
[EventDate "2014.??.??"]

1. e4 d6 2. Nf3 Nf6 3. Nc3 g6 4. d4 Nbd7 5. Bd3 Bg7 6. O-O O-O 7. Be3 e5 8.
dxe5 dxe5 9. Qe2 Nh5 10. Rfd1 f5 11. Bc4+ Kh8 12. Ng5 f4 13. Nf7+ Rxf7 14. Bxf7
Qf6 15. Bb3 fxe3 16. fxe3 Nc5 17. Rf1 Qh4 18. Rad1 1/2-1/2

[Event "SR 5. liga SE-SI 2014/2015"]
[Site "?"]
[Date "2014.12.13"]
[Round "5.3"]
[White "Macalka, Ondrej"]
[Black "Sobekova, Adela"]
[Result "0-1"]
[WhiteElo "1499"]
[BlackElo "1000"]
[PlyCount "50"]
[EventDate "2014.??.??"]

1. e4 e5 2. Nf3 Nc6 3. Bc4 Bc5 4. c3 Nf6 5. d4 exd4 6. cxd4 Bb4+ 7. Bd2 Nxe4 8.
Bxb4 Nxb4 9. O-O O-O 10. a3 d5 11. Bb3 Nc6 12. Nc3 Nxc3 13. bxc3 Bf5 14. Re1
Qd6 15. Ra2 Rfe8 16. Rae2 Rxe2 17. Qxe2 h6 18. Qb5 Rb8 19. Qxd5 Qxa3 20. Qxf7+
Kh7 21. Qxf5+ Kh8 22. Bc2 Kg8 23. d5 Qxc3 24. dxc6 bxc6 25. Ne5 Qxe1# 0-1

[Event "SR 5. liga SE-SI 2014/2015"]
[Site "?"]
[Date "2014.12.13"]
[Round "5.3"]
[White "Kratochvilova, Lenka"]
[Black "Petras, Michal"]
[Result "0-1"]
[WhiteElo "1153"]
[BlackElo "1255"]
[PlyCount "103"]
[EventDate "2014.??.??"]

1. e4 d5 2. exd5 Qxd5 3. Nc3 Qa5 4. Nf3 Nf6 5. Bc4 Bf5 6. O-O e6 7. a3 c6 8. d4
Bd6 9. Bd2 Qc7 10. g3 Bh3 11. Re1 Nh5 12. Ng5 Nxg3 13. fxg3 Bxg3 14. Re2 Bg4
15. hxg3 Qxg3+ 16. Rg2 Bxd1 17. Rxg3 Bxc2 18. Re3 O-O 19. Rc1 Bg6 20. Nce4 h6
21. Nf3 Nd7 22. Bd3 Bxe4 23. Bxe4 Nb6 24. Ne5 Rad8 25. Bb4 Rfe8 26. Rd1 Nd7 27.
Nxd7 Rxd7 28. d5 exd5 29. Bf5 Rxe3 30. Bxd7 Re5 31. Bc8 b6 32. Bb7 c5 33. Bc3
d4 34. Bd2 f5 35. Bf4 Re2 36. Bd5+ Kh7 37. Bc4 Re8 38. b4 Re7 39. bxc5 bxc5 40.
Bd6 Rd7 41. Bxc5 Rc7 42. Bd3 Rxc5 43. Bxf5+ Rxf5 44. Rxd4 a5 45. Rd7 Kg6 46.
Rd6+ Kg5 47. Kg2 g6 48. a4 h5 49. Rd3 h4 50. Kh3 Kh5 51. Rd4 g5 52. Rd8 0-1

[Event "SR 5. liga SE-SI 2014/2015"]
[Site "?"]
[Date "2014.12.13"]
[Round "5.3"]
[White "Cibula, Marian"]
[Black "Fajtakova, Silvia"]
[Result "1-0"]
[WhiteElo "1000"]
[BlackElo "1188"]
[PlyCount "55"]
[EventDate "2014.??.??"]

1. e4 c5 2. Bc4 e5 3. Nf3 Nc6 4. Nc3 g6 5. d3 Bg7 6. Bg5 Nf6 7. Qd2 b6 8. O-O
Qc7 9. Nd5 Nxd5 10. Bxd5 b5 11. c3 Qd6 12. Rad1 O-O 13. Bh6 Bxh6 14. Qxh6 Qf6
15. Qe3 Rb8 16. d4 exd4 17. cxd4 cxd4 18. Nxd4 Nxd4 19. Rxd4 d6 20. Rfd1 Kh8
21. Bb3 Rg8 22. Rxd6 Qh4 23. Qc3+ f6 24. Bxg8 Bg4 25. Rxf6 Rxg8 26. Rf7+ Qf6
27. Qxf6+ Rg7 28. Qxg7# 1-0

[Event "SR 5. liga SE-SI 2014/2015"]
[Site "?"]
[Date "2014.12.13"]
[Round "5.4"]
[White "Brunovsky, Peter"]
[Black "Antalek, Rudolf"]
[Result "1/2-1/2"]
[WhiteElo "1869"]
[BlackElo "1532"]
[PlyCount "98"]
[EventDate "2014.??.??"]

1. d4 Nf6 2. Nf3 e6 3. Bf4 b6 4. e3 Bb7 5. Bd3 Be7 6. Nbd2 O-O 7. h3 d5 8. c3
Nbd7 9. Rc1 c5 10. O-O c4 11. Bc2 b5 12. a3 a5 13. Re1 Ra6 14. Qe2 Qa8 15. Ne5
b4 16. Ra1 Nb6 17. Ng4 Qe8 18. axb4 axb4 19. Rxa6 Bxa6 20. Ra1 Qb5 21. Nxf6+
Bxf6 22. Nf3 Ra8 23. Bd6 b3 24. Bb1 Nc8 25. Bb4 Ne7 26. g4 Nc8 27. Nd2 Nb6 28.
f4 Na4 29. Nf3 Bb7 30. h4 Ra6 31. Ra3 Qe8 32. Qd2 Be7 33. Bxe7 Qxe7 34. g5 Qe8
35. Kf2 Qa8 36. Kg3 Nb6 37. Rxa6 Qxa6 38. Qc1 g6 39. h5 Qa1 40. hxg6 fxg6 41.
Ne5 Bc8 42. Qh1 Bd7 43. Ng4 Qxb2 44. Nf6+ Kf8 45. Bxg6 hxg6 46. Qh8+ Ke7 47.
Qg7+ Kd6 48. Qf8+ Kc6 49. Ng8 Qxc3 1/2-1/2

[Event "SR 5. liga SE-SI 2014/2015"]
[Site "?"]
[Date "2014.12.13"]
[Round "5.4"]
[White "Bartos, Bohumil"]
[Black "Hyza, Richard"]
[Result "1-0"]
[WhiteElo "1502"]
[BlackElo "1000"]
[PlyCount "85"]
[EventDate "2014.??.??"]

1. d4 d5 2. c4 e6 3. Nc3 Nf6 4. Bg5 h6 5. Bh4 Be7 6. e3 Ne4 7. Bxe7 Qxe7 8. Qc2
Qh4 9. Nf3 Qg4 10. h3 Qf5 11. Bd3 Qg6 12. O-O O-O 13. Nxe4 dxe4 14. Bxe4 Qf6
15. Rad1 Nc6 16. Bxc6 bxc6 17. Ne5 Qe7 18. Nxc6 Qd7 19. Ne5 Qd6 20. c5 Qd5 21.
Qc4 Qxc4 22. Nxc4 Ba6 23. b3 Rab8 24. Rfe1 Bxc4 25. bxc4 Rb4 26. Rc1 Rfb8 27.
Kf1 Ra4 28. Rb1 Rxb1 29. Rxb1 Rxa2 30. Rb7 a5 31. Rxc7 Ra1+ 32. Ke2 a4 33. Rc8+
Kh7 34. Ra8 f6 35. c6 Ra2+ 36. Kf3 Rb2 37. c7 Rb4 38. c8=Q Kg6 39. Qxe6 Kh7 40.
Ra7 Kg6 41. Qf7+ Kg5 42. Qxg7+ Kf5 43. Qg4# 1-0

[Event "SR 5. liga SE-SI 2014/2015"]
[Site "?"]
[Date "2014.12.13"]
[Round "5.4"]
[White "Daniel, Jakub"]
[Black "Davidik, Miroslav"]
[Result "0-1"]
[WhiteElo "1000"]
[BlackElo "1421"]
[PlyCount "44"]
[EventDate "2014.??.??"]

1. e4 e6 2. f4 Qh4+ 3. g3 Qd8 4. f5 exf5 5. exf5 d5 6. Qe2+ Be7 7. Nc3 Bxf5 8.
d3 h6 9. Nb5 c6 10. Qh5 Bg6 11. Qe5 cxb5 12. Qxg7 Bf6 13. Qxh6 Rxh6 14. Bxh6
Nxh6 15. O-O-O Ng4 16. Nh3 Qa5 17. c3 Qxa2 18. Re1+ Kd7 19. Kd2 Qxb2+ 20. Kd1
Qxc3 21. Bg2 Bxd3 22. Bf1 Qc2# 0-1

[Event "SR 5. liga SE-SI 2014/2015"]
[Site "?"]
[Date "2014.12.13"]
[Round "5.4"]
[White "Spanik, Ondrej"]
[Black "Horinka, Tomas"]
[Result "1-0"]
[WhiteElo "1228"]
[BlackElo "1000"]
[PlyCount "67"]
[EventDate "2014.??.??"]

1. e4 e5 2. Nf3 Nc6 3. Bb5 a6 4. Bxc6 bxc6 5. Nc3 f6 6. d3 Bb4 7. Bd2 Bxc3 8.
Bxc3 Rb8 9. O-O d6 10. h3 Be6 11. d4 exd4 12. Nxd4 Bd7 13. b3 c5 14. Nf5 Kf7
15. f4 g6 16. Ng3 Nh6 17. f5 gxf5 18. exf5 Rg8 19. Qh5+ Ke7 20. Rfe1+ Kf8 21.
Qxh6+ Kf7 22. Qxh7+ Rg7 23. Qh5+ Kf8 24. Ne4 Be8 25. Qh6 Qe7 26. Bxf6 Qd7 27.
Bxg7+ Qxg7 28. Qxg7+ Kxg7 29. Rf1 Rb4 30. Rfe1 d5 31. Nxc5 Rb6 32. Rxe8 Rf6 33.
Ne6+ Kh6 34. Rh8# 1-0

[Event "SR 5. liga SE-SI 2014/2015"]
[Site "?"]
[Date "2014.12.13"]
[Round "5.4"]
[White "Volek, Vladimir"]
[Black "Spacek, Jan"]
[Result "0-1"]
[WhiteElo "1000"]
[BlackElo "1119"]
[PlyCount "48"]
[EventDate "2014.??.??"]

1. e4 e5 2. Nf3 Nc6 3. Bc4 Bc5 4. O-O Nf6 5. Nc3 d6 6. d3 Bg4 7. h3 Bh5 8. Bg5
h6 9. Bh4 g5 10. g4 gxh4 11. gxh5 Nxh5 12. Nxh4 Qxh4 13. Nd5 O-O-O 14. Ne7+
Nxe7 15. Bxf7 Nf4 16. Qd2 Nxh3+ 17. Kh2 Nxf2+ 18. Kg2 Rhg8+ 19. Kf3 Rdf8 20.
Qa5 Rxf7+ 21. Ke2 Nc6 22. Qc3 Nd4+ 23. Kd2 Qf4+ 24. Ke1 Qe3# 0-1

[Event "SR 5. liga SE-SI 2014/2015"]
[Site "?"]
[Date "2014.12.13"]
[Round "5.5"]
[White "Zajicek, Ferdinand"]
[Black "Hrubos, Milan"]
[Result "0-1"]
[WhiteElo "1836"]
[BlackElo "1771"]
[PlyCount "110"]
[EventDate "2014.??.??"]

1. e4 e5 2. Nf3 Nc6 3. Bc4 Bc5 4. d3 Nf6 5. O-O O-O 6. Be3 Bb6 7. Nc3 d6 8. a3
Bg4 9. h3 Bh5 10. Ne2 Bxf3 11. gxf3 Nh5 12. Bxb6 axb6 13. Ng3 Nf4 14. d4 Nxd4
15. Re1 Qh4 16. Bf1 Nxh3+ 17. Bxh3 Qxh3 18. c3 Ne6 19. f4 Nxf4 20. Qf3 Rfe8 21.
Qh1 Qxh1+ 22. Kxh1 g6 23. Re3 h5 24. Rg1 Kf8 25. Nf1 Ke7 26. Nd2 Rh8 27. Nf3
Rag8 28. Nh4 Ke6 29. Kh2 g5 30. Nf5 h4 31. Rg4 f6 32. c4 Rh7 33. Rb3 Rgh8 34.
Ne3 h3 35. Nf5 Ng6 36. Ng3 Rh4 37. Rxh4 Rxh4 38. f3 Nf4 39. Nf5 Rh7 40. a4 Ne2
41. a5 bxa5 42. Rxb7 Nd4 43. Nxd4+ exd4 44. Rb5 c5 45. b3 d3 46. Rxa5 Ke5 47.
b4 d2 48. Ra1 Kd4 49. b5 Kxc4 50. b6 Rb7 51. Kxh3 Rxb6 52. Kg3 Kd3 53. Kf2 c4
54. Rd1 c3 55. Ra1 Rc6 0-1

[Event "SR 5. liga SE-SI 2014/2015"]
[Site "?"]
[Date "2014.12.13"]
[Round "5.5"]
[White "Zlamal, Marek"]
[Black "Kanka, Tomas"]
[Result "0-1"]
[WhiteElo "1671"]
[BlackElo "1723"]
[PlyCount "50"]
[EventDate "2014.??.??"]

1. d4 Nf6 2. Nc3 d5 3. Bf4 c6 4. f3 g6 5. e4 dxe4 6. fxe4 Bg7 7. h3 Nh5 8. Bxb8
Rxb8 9. Nge2 e6 10. d5 Qh4+ 11. Kd2 Bh6+ 12. Kd3 b6 13. Kc4 exd5+ 14. Nxd5
Qxe4+ 15. Kb3 Be6 16. Nec3 Bxd5+ 17. Nxd5 O-O 18. Bc4 b5 19. Ne7+ Kh8 20. Bd5
Qa4+ 21. Kc3 b4+ 22. Kc4 b3+ 23. Kc3 Qb4+ 24. Kd3 Nf4+ 25. Ke3 Nxd5+ 0-1

[Event "SR 5. liga SE-SI 2014/2015"]
[Site "?"]
[Date "2014.12.13"]
[Round "5.5"]
[White "Kastler, Peter"]
[Black "Benak, Peter"]
[Result "1/2-1/2"]
[WhiteElo "1757"]
[BlackElo "1615"]
[PlyCount "89"]
[EventDate "2014.??.??"]

1. d4 Nf6 2. c4 e6 3. Nc3 d5 4. Nf3 Be7 5. Bg5 O-O 6. e3 b6 7. cxd5 Nxd5 8.
Bxe7 Qxe7 9. Nxd5 exd5 10. Be2 Qb4+ 11. Qd2 Qxd2+ 12. Kxd2 Be6 13. Rac1 Rc8 14.
b4 a5 15. b5 Nd7 16. Rc3 Nf6 17. Bd3 Ne4+ 18. Bxe4 dxe4 19. Ng5 Bd5 20. a4 h6
21. Nh3 g5 22. Rhc1 Ra7 23. Ng1 Kf8 24. Ne2 Ke7 25. Ng3 Kd7 26. Nh5 Kd6 27. Ng7
Kd7 28. Nf5 h5 29. Ng7 h4 30. Nf5 c6 31. Ng7 Rac7 32. Nh5 Kd6 33. Nf6 c5 34.
Nxd5 Kxd5 35. dxc5 Rxc5 36. g4 Rxc3 37. Rxc3 Rc4 38. Ra3 Rb4 39. Ra2 Kc5 40.
Kc3 Rc4+ 41. Kb3 Rc1 42. Rd2 Rf1 43. Rc2+ Kd5 44. Rd2+ Kc5 45. Rc2+ 1/2-1/2

[Event "SR 5. liga SE-SI 2014/2015"]
[Site "?"]
[Date "2014.12.13"]
[Round "5.5"]
[White "Sladek, Michal"]
[Black "Papanek, Lubomir"]
[Result "1/2-1/2"]
[WhiteElo "1257"]
[BlackElo "1616"]
[PlyCount "132"]
[EventDate "2014.??.??"]

1. e4 d5 2. exd5 Qxd5 3. Nc3 Qa5 4. Qf3 c6 5. Bc4 Nf6 6. h3 Bf5 7. d3 Nbd7 8.
Bd2 Ne5 9. Qxf5 Nxc4 10. Qxa5 Nxa5 11. Ne4 Nxe4 12. dxe4 Nc4 13. O-O-O O-O-O
14. Ne2 e5 15. Bc3 f6 16. Rxd8+ Kxd8 17. Ng3 Kc8 18. a3 g6 19. Bb4 Bxb4 20.
axb4 Rd8 21. b3 Nd6 22. Rd1 b5 23. f3 Kc7 24. Nf1 Nf7 25. Rxd8 Nxd8 26. c3 Ne6
27. h4 Nf4 28. Ne3 Ne6 29. Ng4 h5 30. Nxf6 Nf4 31. g4 Ng2 32. gxh5 gxh5 33.
Nxh5 Nxh4 34. f4 exf4 35. Nxf4 Kd6 36. Kd2 Nf3+ 37. Ke3 Ne5 38. Nd3 Nd7 39. Kd4
Nf8 40. e5+ Kc7 41. Nc5 Ng6 42. e6 Kd6 43. Ke4 Ne7 44. c4 a5 45. Nb7+ Kxe6 46.
Nxa5 Kd6 47. Nb7+ Kc7 48. Nc5 Nc8 49. Ne6+ Kd6 50. Nd4 Na7 51. Nf5+ Ke6 52.
cxb5 Nxb5 53. Nd4+ Nxd4 54. Kxd4 Kd6 55. Kc4 Kc7 56. Kc5 Kb7 57. b5 cxb5 58.
Kxb5 Kc7 59. b4 Kb7 60. Ka5 Ka7 61. b5 Kb7 62. b6 Kb8 63. Ka6 Ka8 64. Kb5 Kb7
65. Kc5 Kb8 66. Kc6 Kc8 1/2-1/2

[Event "SR 5. liga SE-SI 2014/2015"]
[Site "?"]
[Date "2014.12.13"]
[Round "5.5"]
[White "Mraz, Jan"]
[Black "Daniel, Dusan"]
[Result "1-0"]
[WhiteElo "1000"]
[BlackElo "1000"]
[PlyCount "75"]
[EventDate "2014.??.??"]

1. d4 d5 2. c4 Nf6 3. Nc3 e6 4. Bg5 Bb4 5. Rc1 Nc6 6. e3 b6 7. a3 Bxc3+ 8. Rxc3
Bb7 9. Nf3 h6 10. Bxf6 Qxf6 11. Qa4 O-O 12. c5 e5 13. Qd1 e4 14. Nd2 Rfe8 15.
g3 Bc8 16. Bg2 Bf5 17. O-O Rab8 18. b4 b5 19. Qc1 a5 20. Rb3 axb4 21. axb4 Ra8
22. Qb2 Ra4 23. f3 Qg6 24. fxe4 Bxe4 25. Nxe4 dxe4 26. Rf4 f5 27. Bf1 Qh5 28.
Bxb5 Rea8 29. Bxa4 Rxa4 30. Rf1 Qg4 31. b5 Ne7 32. Ra3 Rc4 33. Rc3 Rxc3 34.
Qxc3 Nd5 35. Qc4 Kh7 36. Qxd5 Qe2 37. Qxf5+ g6 38. Qd7+ 1-0

[Event "SR 5. liga SE-SI 2014/2015"]
[Site "?"]
[Date "2014.12.13"]
[Round "5.6"]
[White "Simek, Adam"]
[Black "Mysicka, Miroslav"]
[Result "0-1"]
[WhiteElo "1060"]
[BlackElo "1801"]
[PlyCount "46"]
[EventDate "2014.??.??"]

1. e4 c5 2. Bc4 Nc6 3. c3 Nf6 4. d4 cxd4 5. cxd4 Nxe4 6. d5 Na5 7. Qd4 Nf6 8.
Bg5 g6 9. Bxf6 exf6 10. Be2 Bg7 11. b4 O-O 12. bxa5 f5 13. Qd1 Bxa1 14. Nf3
Qxa5+ 15. Nbd2 Qxa2 16. d6 Bg7 17. Ng5 Bc3 18. O-O Bxd2 19. Bh5 Bxg5 20. f4 Bf6
21. Bf3 Rb8 22. Qa1 Bxa1 23. Rxa1 Qxa1+ 0-1

[Event "SR 5. liga SE-SI 2014/2015"]
[Site "?"]
[Date "2014.12.13"]
[Round "5.6"]
[White "Drozd, Jan"]
[Black "Nesnadny, Tomas"]
[Result "1-0"]
[WhiteElo "1509"]
[BlackElo "1000"]
[PlyCount "83"]
[EventDate "2014.??.??"]

1. e4 e5 2. Nf3 Nc6 3. Bb5 Nf6 4. d3 d6 5. c3 a6 6. Ba4 Bd7 7. O-O Be7 8. Re1
O-O 9. d4 Na5 10. Bc2 Ng4 11. h3 Nf6 12. dxe5 dxe5 13. Nxe5 Bc6 14. Nxc6 Nxc6
15. Nd2 Bd6 16. Nf3 Re8 17. Bg5 h6 18. Bh4 Be7 19. e5 Qxd1 20. Raxd1 Nh5 21.
Bxe7 Rxe7 22. Re4 g6 23. Bb3 Nd8 24. Rde1 Ng7 25. Nd4 Kf8 26. f4 c5 27. Nf3 Nf5
28. g4 Ng7 29. Nh4 g5 30. fxg5 hxg5 31. Nf5 Nxf5 32. gxf5 b5 33. Bd5 Raa7 34.
f6 Rec7 35. e6 Ra8 36. Bxa8 fxe6 37. Re5 Rf7 38. Rf1 Rd7 39. Rxc5 Rd2 40. Rf2
Rd1+ 41. Kg2 Rd7 42. Rxg5 1-0

[Event "SR 5. liga SE-SI 2014/2015"]
[Site "?"]
[Date "2014.12.13"]
[Round "5.6"]
[White "Jankovic, Vit"]
[Black "Vasek, Rudolf"]
[Result "0-1"]
[WhiteElo "1000"]
[BlackElo "1470"]
[PlyCount "85"]
[EventDate "2014.??.??"]

1. e4 e5 2. Nf3 d6 3. Nc3 Be6 4. d4 Nd7 5. d5 Bg4 6. Bb5 a6 7. Ba4 b5 8. Bb3
Nc5 9. h3 Bxf3 10. Qxf3 Be7 11. Be3 Nxb3 12. cxb3 Qd7 13. O-O Nf6 14. Ne2 O-O
15. Ng3 g6 16. Bg5 Nxd5 17. Bxe7 Nxe7 18. Rac1 f5 19. Ne2 d5 20. exd5 Nxd5 21.
Rcd1 c6 22. Nc3 Qe6 23. Rfe1 e4 24. Qe2 Rfd8 25. Rd2 Qf6 26. Qf1 Nxc3 27. Rxd8+
Rxd8 28. bxc3 Qxc3 29. Rc1 Qf6 30. Qe2 Qe6 31. Qc2 Rc8 32. Rd1 c5 33. Qd2 c4
34. Rc1 cxb3 35. Rxc8+ Qxc8 36. axb3 Qe6 37. b4 Kg7 38. Qc3+ Qf6 39. Qc7+ Kh6
40. Kf1 g5 41. Qc1 f4 42. f3 exf3 43. gxf3 0-1

[Event "SR 5. liga SE-SI 2014/2015"]
[Site "?"]
[Date "2014.12.13"]
[Round "5.6"]
[White "Lauko, Tomas"]
[Black "Kurthyova, Viktoria"]
[Result "1-0"]
[WhiteElo "1476"]
[BlackElo "1000"]
[PlyCount "93"]
[EventDate "2014.??.??"]

1. e4 e5 2. Nf3 Nc6 3. Bc4 Bc5 4. c3 Nf6 5. d3 d5 6. exd5 Nxd5 7. O-O O-O 8. b4
Bb6 9. b5 Na5 10. Nxe5 Nxc4 11. Nxc4 Re8 12. Nxb6 axb6 13. c4 Nb4 14. d4 Rxa2
15. Rxa2 Nxa2 16. Ba3 c5 17. dxc5 bxc5 18. Bxc5 Bf5 19. Qb3 Qc8 20. Be3 Qa8 21.
Na3 Nc1 22. Rxc1 Rd8 23. Nc2 Qc8 24. Nd4 Be6 25. Qb4 b6 26. Nxe6 fxe6 27. Bxb6
Rf8 28. g3 Qb7 29. c5 Qd5 30. c6 Rc8 31. Ra1 e5 32. h4 Qd8 33. Bxd8 Rxd8 34. c7
Rd4 35. c8=R+ Kf7 36. Ra7+ Kg6 37. Qxd4 exd4 38. b6 d3 39. Rd7 d2 40. b7 d1=R+
41. Rxd1 Kh6 42. g4 g6 43. f4 Kg7 44. b8=R Kh6 45. Rd7 g5 46. hxg5+ Kg6 47.
Rb6# 1-0

[Event "SR 5. liga SE-SI 2014/2015"]
[Site "?"]
[Date "2014.12.13"]
[Round "5.6"]
[White "Jankovic, Erik"]
[Black "Lauko, Lukas"]
[Result "0-1"]
[WhiteElo "1000"]
[BlackElo "1000"]
[PlyCount "60"]
[EventDate "2014.??.??"]

1. d4 d5 2. Nc3 e6 3. Nf3 Bd7 4. Bf4 f6 5. e3 Bb4 6. a3 Bxc3+ 7. bxc3 Nc6 8.
Bb5 Na5 9. Bxd7+ Qxd7 10. Nh4 g5 11. Bxg5 fxg5 12. Nf3 h6 13. Ne5 Qg7 14. Rb1
Nc6 15. Nxc6 bxc6 16. Rb2 Ne7 17. Qb1 O-O 18. O-O c5 19. dxc5 Qxc3 20. Rb7 Qxc5
21. f4 Qxe3+ 22. Rf2 gxf4 23. Rxc7 Rab8 24. Qd1 Ng6 25. g3 fxg3 26. hxg3 Qxf2+
27. Kh1 Qxg3 28. Rxa7 Nh4 29. Qg1 Rb1 30. Qxb1 Qg2# 0-1

[Event "SR 5. liga SE-SI 2014/2015"]
[Site "?"]
[Date "2015.01.10"]
[Round "6.1"]
[White "Wallner, Juraj"]
[Black "Mysicka, Miroslav"]
[Result "1-0"]
[WhiteElo "1606"]
[BlackElo "1801"]
[PlyCount "59"]
[EventDate "2014.??.??"]

1. e4 d6 2. Nf3 Nf6 3. Nc3 g6 4. d4 Bg7 5. h3 O-O 6. Be3 c6 7. Bd3 Nbd7 8. Qd2
e5 9. dxe5 Nxe5 10. Nxe5 dxe5 11. O-O-O b5 12. g3 Qc7 13. f4 exf4 14. gxf4 a5
15. f5 a4 16. Bf4 Qb7 17. e5 Nd5 18. f6 Bh8 19. Nxd5 cxd5 20. h4 b4 21. h5 Be6
22. hxg6 fxg6 23. Bxg6 Rf7 24. Bxf7+ Bxf7 25. Rdg1+ Bg6 26. Rxg6+ hxg6 27. Qh2
Qc8 28. Qh7+ Kf8 29. Bh6+ Ke8 30. Qe7# 1-0

[Event "SR 5. liga SE-SI 2014/2015"]
[Site "?"]
[Date "2015.01.10"]
[Round "6.1"]
[White "Drozd, Jan"]
[Black "Tomasovic, Roman"]
[Result "1/2-1/2"]
[WhiteElo "1509"]
[BlackElo "1363"]
[PlyCount "71"]
[EventDate "2014.??.??"]

1. d4 d5 2. c4 dxc4 3. e3 Be6 4. Qa4+ Qd7 5. Qc2 b5 6. Nf3 Bd5 7. Be2 e6 8. Nc3
Bb4 9. O-O Bxc3 10. Qxc3 Nc6 11. a3 Nf6 12. b4 O-O 13. Nd2 Ne7 14. f3 a6 15.
Rd1 Bc6 16. e4 Ne8 17. Nf1 f6 18. Be3 Nd6 19. Ng3 Qe8 20. Rac1 f5 21. exf5 Nd5
22. Qd2 Nxe3 23. Qxe3 Nxf5 24. Qe5 Nxg3 25. Qxg3 Bd5 26. Qxc7 Rc8 27. Qg3 Qc6
28. Rc3 Rf7 29. Re1 Rcf8 30. Rf1 Qb6 31. Rd1 a5 32. bxa5 Qxa5 33. Rdc1 Qb6 34.
Qf2 Rf4 35. Rd1 Qa5 36. Qe3 1/2-1/2

[Event "SR 5. liga SE-SI 2014/2015"]
[Site "?"]
[Date "2015.01.10"]
[Round "6.1"]
[White "Valigursky, Michal"]
[Black "Vasek, Rudolf"]
[Result "1/2-1/2"]
[WhiteElo "1446"]
[BlackElo "1470"]
[PlyCount "99"]
[EventDate "2014.??.??"]

1. e4 c5 2. Nf3 d6 3. d4 Nd7 4. Bc4 e6 5. d5 e5 6. Nc3 a6 7. a4 Nb6 8. Bb3 Bd7
9. O-O Be7 10. Qd2 f6 11. Nh4 g6 12. f4 Bg4 13. h3 Bd7 14. f5 g5 15. Nf3 Nh6
16. Qe2 Nf7 17. Bd2 Nc8 18. Kh1 Na7 19. Bc4 a5 20. Bb5 b6 21. Nh2 h5 22. Kg1
Qc7 23. Rf3 Nxb5 24. Nxb5 Qc8 25. g4 h4 26. b3 Qb7 27. Nf1 O-O 28. Ne3 Rfc8 29.
c4 Bxb5 30. cxb5 Rc7 31. Nc4 Kg7 32. Kg2 Qb8 33. Kg1 Rb7 34. Kg2 Qh8 35. Rh1
Bd8 36. Rc3 Bc7 37. Rf3 Qd8 38. Rc3 Qe7 39. Rf3 Rh8 40. Rc3 Rh7 41. Rf3 Rb8 42.
Rc3 Rbh8 43. Rf3 Nh6 44. Rc3 Qf7 45. Qf3 Kf8 46. Qe2 Ke7 47. Qf3 Kd7 48. Qe2
Qg8 49. Qf3 Re7 50. Qe2 1/2-1/2

[Event "SR 5. liga SE-SI 2014/2015"]
[Site "?"]
[Date "2015.01.10"]
[Round "6.1"]
[White "Lauko, Tomas"]
[Black "Vozarova, Adriana"]
[Result "1-0"]
[WhiteElo "1476"]
[BlackElo "1444"]
[PlyCount "117"]
[EventDate "2014.??.??"]

1. e4 e5 2. Nf3 Nc6 3. Bc4 Nf6 4. d3 d6 5. Bg5 Be7 6. c3 Bg4 7. Nbd2 O-O 8. h3
Bh5 9. Qc2 a6 10. a3 Re8 11. g4 Bg6 12. Nh4 d5 13. Nxg6 fxg6 14. exd5 Nxd5 15.
Bxe7 Rxe7 16. Qb3 Rd7 17. Qxb7 Na5 18. Qb4 Nxc4 19. Qxc4 Kh8 20. O-O-O Nf4 21.
Nf3 Nxd3+ 22. Rxd3 Rxd3 23. Nxe5 Qd5 24. Qxd3 Qxh1+ 25. Kc2 Rf8 26. Kb3 Qb7+
27. Ka2 Qb5 28. Qxb5 axb5 29. f3 Re8 30. f4 Rf8 31. Nd3 Kg8 32. Kb3 Kf7 33. Kb4
c6 34. Kc5 Rc8 35. Ne5+ Ke7 36. g5 Ke6 37. b3 Ke7 38. c4 bxc4 39. Nxc4 Kd7 40.
Nb6+ Kc7 41. Nxc8 Kxc8 42. Kxc6 Kd8 43. a4 Ke7 44. a5 Ke6 45. a6 Kf5 46. a7
Kxf4 47. a8=Q Kxg5 48. b4 Kh4 49. Qc8 Kg5 50. Qg4+ Kf6 51. b5 g5 52. b6 g6 53.
b7 h5 54. Qd4+ Kf5 55. b8=R g4 56. Rf8+ Kg5 57. Qd8+ Kh6 58. Rh8+ Kg7 59. Qf8#
1-0

[Event "SR 5. liga SE-SI 2014/2015"]
[Site "?"]
[Date "2015.01.10"]
[Round "6.1"]
[White "Tomasovic, Pavol"]
[Black "Sukopcak, Miroslav"]
[Result "1/2-1/2"]
[WhiteElo "1284"]
[BlackElo "1657"]
[PlyCount "109"]
[EventDate "2014.??.??"]

1. e4 c5 2. Nf3 d6 3. d4 cxd4 4. Nxd4 e5 5. Nb5 a6 6. N5a3 b5 7. Bd3 Bb7 8. O-O
Be7 9. Nd2 Nf6 10. c4 b4 11. Nc2 Nc6 12. Nf3 h6 13. b3 a5 14. Bb2 Qc7 15. Ne3
g6 16. Nd5 Nxd5 17. cxd5 Na7 18. Rc1 Qb8 19. Rc2 O-O 20. Qd2 Kg7 21. Bc1 Rh8
22. Qe2 Bc8 23. h3 Bd7 24. Be3 Nb5 25. Qd2 Nc3 26. Nh2 Bb5 27. Bxb5 Qxb5 28.
Ng4 g5 29. f3 Rac8 30. h4 f6 31. hxg5 hxg5 32. Qf2 Rh5 33. Re1 Rch8 34. g3 Kg6
35. Bd2 Rh1+ 36. Kg2 Rxe1 37. Bxe1 Rc8 38. Bxc3 Rxc3 39. Rxc3 bxc3 40. Qc2 Qc5
41. Nf2 Qd4 42. Nd1 Qd2+ 43. Qxd2 cxd2 44. Kf2 f5 45. Ke2 g4 46. exf5+ Kxf5 47.
fxg4+ Kxg4 48. Kxd2 Kxg3 49. Kd3 Kf3 50. Nc3 Bd8 51. Ne4 Bc7 52. Ng5+ Kg4 53.
Ne4 Kf4 54. Nc3 Bb6 55. Ne4 1/2-1/2

[Event "SR 5. liga SE-SI 2014/2015"]
[Site "?"]
[Date "2015.01.10"]
[Round "6.2"]
[White "Zlamal, Marek"]
[Black "Nemeckay, Dominik"]
[Result "1-0"]
[WhiteElo "1671"]
[BlackElo "1415"]
[PlyCount "61"]
[EventDate "2014.??.??"]

1. d4 d5 2. Nc3 Bf5 3. f3 Nf6 4. Bf4 e6 5. e3 Bd6 6. Bxd6 cxd6 7. Bb5+ Nbd7 8.
Nge2 a6 9. Bd3 Bxd3 10. Qxd3 Qb6 11. O-O Qc6 12. a4 O-O 13. Rac1 Nb6 14. b3
Rad8 15. a5 Nc8 16. Na4 b5 17. axb6 Nxb6 18. Qxa6 Nfd7 19. Nxb6 Qxb6 20. Qd3
Nb8 21. Ra1 Nc6 22. Ra6 Qb7 23. c3 e5 24. Rfa1 Rfe8 25. b4 e4 26. fxe4 dxe4 27.
Qc4 Rc8 28. Qd5 h6 29. Qxd6 Re6 30. Qd5 Nxb4 31. Qxb7 1-0

[Event "SR 5. liga SE-SI 2014/2015"]
[Site "?"]
[Date "2015.01.10"]
[Round "6.2"]
[White "Drinka, Robert"]
[Black "Benak, Peter"]
[Result "0-1"]
[WhiteElo "1418"]
[BlackElo "1615"]
[PlyCount "60"]
[EventDate "2014.??.??"]

1. e4 Nf6 2. Nc3 d5 3. e5 d4 4. exf6 dxc3 5. fxe7 cxd2+ 6. Bxd2 Bxe7 7. Nf3 Bg4
8. Be2 O-O 9. O-O Re8 10. Bc3 Nc6 11. Re1 Bb4 12. a3 Bxc3 13. bxc3 Qf6 14. h3
Rad8 15. Bd3 Rxe1+ 16. Qxe1 Bxf3 17. gxf3 Qxf3 18. Qe3 Qxe3 19. fxe3 Ne5 20.
Rd1 g6 21. Kf2 Nc4 22. Ke2 Ne5 23. h4 Kg7 24. Be4 Rxd1 25. Kxd1 c6 26. Ke2 Nc4
27. a4 Kf6 28. Kf3 Nd2+ 29. Kf4 Nxe4 30. Kxe4 g5 0-1

[Event "SR 5. liga SE-SI 2014/2015"]
[Site "?"]
[Date "2015.01.10"]
[Round "6.2"]
[White "Sladek, Michal"]
[Black "Simek, Adam"]
[Result "1-0"]
[WhiteElo "1257"]
[BlackElo "1060"]
[PlyCount "71"]
[EventDate "2014.??.??"]

1. e4 e5 2. Nf3 Nc6 3. Bc4 Nf6 4. Nc3 Bb4 5. Nd5 Nxe4 6. Nxb4 Nxb4 7. a3 d5 8.
Bb3 Nc6 9. d3 Nf6 10. Bg5 h6 11. Bxf6 Qxf6 12. Bxd5 Bg4 13. h3 Bxf3 14. Qxf3
Qxf3 15. Bxf3 Nd4 16. Bd1 O-O-O 17. Bg4+ f5 18. Bd1 Rhe8 19. c3 Nc6 20. Bc2 e4
21. O-O-O exd3 22. Bxd3 f4 23. Rd2 Ne5 24. Rhd1 f3 25. gxf3 Nxf3 26. Bf5+ Rd7
27. Bxd7+ Kd8 28. Bb5+ Nxd2 29. Rxd2+ Ke7 30. Bxe8 Kxe8 31. Re2+ Kf7 32. Kd2 g5
33. Re4 Kf6 34. Ke3 Kf5 35. f3 h5 36. Re7 1-0